Mangas plus vendus que One Piece sur une année - Statistiques

Statistiques générales
  • Ce quiz a été pris 1 447 fois
    458 depuis la dernière actualisation
  • Le résultat moyen est 8 sur 14
Statistiques - réponses
Nombre de ventes Nom du manga % Correct
12 057 628 Demon Slayer
81%
82 345 447 Demon Slayer
81%
29 511 021 Demon Slayer
81%
30 917 746 Jujutsu Kaisen
80%
12 282 260 Jujutsu Kaisen
80%
8 541 411 Jujutsu Kaisen
80%
7 610 995 Jujutsu Kaisen
80%
7 020 361 My Hero Academia
64%
7 332 398 L'Attaque des Titans
52%
10 527 146 Blue Lock
43%
24 981 486 Tokyo Revengers
22%
11 048 067 Tokyo Revengers
22%
10 600 571 Spy x Family
21%
8 251 058 Kingdom
13%
Aucun quiz correspondant
Distribution des résultats
% des personnes avec chaque résultat
Percentile par nombre de réponses
Votre historique - résultats
Vous n’avez pas pris ce quiz depuis la dernière actualisation